JoJo's Bizarre Adventure Stand Names Sudden Death - Statistics

General Stats
  • This quiz has been taken 3,184 times
  • The average score is 6 of 15
Answers on the Grid
Answers color-coded by a green-red scale on the quiz's grid according to % correct below.
Love Deluxe
Khnum
Planet Waves
Los Lobos
Foo Fighters
Isis
Octopus's Garden
Death 13
Magician's Yellow
Love Love Deluxe
THE Hustle
High Priest
Cream
Born This Way
The Offspring
November Rain
Blondie
Stairway to Heaven
Illmatic
Underworld
Bound 2
Aerosmith
Love Love Love Deluxe
Love For Sale
Off the Wall
Boku no Pico
Boku no Rhythm wo Kiitekure
House of P-A-I-N
Soft Machine
Atom Heart Father
 
Answer Stats
Answer % Correct
Foo Fighters
77%
Death 13
73%
Love Deluxe
68%
Khnum
55%
Cream
48%
Aerosmith
45%
November Rain
41%
Planet Waves
41%
Love Love Deluxe
35%
Born This Way
30%
Atom Heart Father
27%
Underworld
26%
Soft Machine
25%
THE Hustle
23%
Boku no Rhythm wo Kiitekure
18%
No matching quizzes found
Score Distribution
Percent of People with Each Score
Percentile by Number Answered
Your Score History
You have not taken this quiz